1361 1662 1984 1767 1356 1643 1111 1516 1259 1642 1217 1672 1078 1918 1280 1526 1890 1150 1556 1638 1808 1867 1692 1180 1856 1453 1814 1871 1255 1994 1193 1176 1707 1956 1244 1175 1874 1973 1426 1517 1976 1354 1095 1682 1012 1887 1194 1288 1390 1163 1837 1687 1382 1276 1812 1089 1763 1577 1670 1208 1934 1889 1157 1027 1421 1181 1530 1969 1527 1720 1037 1125 1254 1658 1962 1606 1961 1022 1671 1665 1241 1350 1714 1683 1563 1578 1212 1401 1407 1389 1925 1263 1489 1002 1336 1251 1513 1348 1920 BCNSPRNW ULIB Ver.6.0+V

เปลี่ยนเป็นภาษาไทย

Change to English
 แสดงรายละเอียดบรรณานุกรม
  กลับหน้าหลัก

Brief Record : Get Marc (ISO 2709) : E-mail record : QR code < ปิดหน้าต่าง
LEADER : 00000nam 2200000uu 4500
001    13399115025
003     ULIB
008    020711s2552 th a 000 0 tha d
020    ^a9786167010120
082 04 ^aนว.^bจ718ค
090    ^aนว.^bจ718ค
100    ^aJeaniene Frost
245    ^aครึ่งทางสู่(หลุมรัก)/^cJeaniene Frost
260    ^aกรุงเทพฯ :^bนกฮูก,^c2552
300    ^a366 หน้า
945    ^p280^l0^i028402
995    ทศพร
999 ^a ทศพร
รายการนี้ยังไม่มีแท็ก
คุณยังไม่ได้ล็อกอิน คุณสามารถมีกิจกรรมร่วมกับเว็บไซต์ได้ แต่ต้องล็อกอินก่อน ::
  ล็อกอิน

รายการสื่อสารสนเทศ

ลำดับที่ ประเภท เลขเรียก/บาร์โค้ด สถานที่ สถานะ
1. นวนิยาย
นวนิยาย
นว. จ718ค นว. จ718ค  
  Barcode: 028402
ห้องสมุดวิทยาเขตสวรรค์ประชารักษ์
►นวนิยาย
บนชั้น
  ขอยืม

BibComment


ยังไม่เคยถูกคอมเมนท์

คอมเมนท์ทรัพยากรรายการนี้
  คอมเมนท์: ครึ่งทางสู่หลุมร..


 Copyright 2026. Bcnsprnw @Library